Molly Pitcher : heroine of the War for ... Read More
Available copies
- 1 of 1 copy available at LARL/NWRL Consortium.
Current holds
0 current holds with 1 total copy.
Show Only Available Copies
| Location | Call Number / Copy Notes | Barcode | Shelving Location | Status | Due Date |
|---|---|---|---|---|---|
| Godel Memorial-Warren Library | j 973.334 KOE (Text) | 35500003702741 | Main | Available | - |
Record details
- ISBN: 0791086224 (hard cover)
- Physical Description: 120 p. : ill. (some col.) ; 25 cm.
- Publisher: Philadelphia : Chelsea House, 2006.
Content descriptions
| Bibliography, etc. Note: | Includes bibliographical references and index. |
| Formatted Contents Note: | Molly, the pitcher! -- Working girl -- Trouble ... Read More |
Search for related items by subject
Search for related items by series
| LDR | 01428cam a22002898a 4500 | ||
|---|---|---|---|
| 001 | 64472 | ||
| 003 | LARL_NWRL_CONSORTIUM | ||
| 005 | 20050322193139.0 | ||
| 008 | 050226s2006 pau j b 001 0beng | ||
| 020 | . | ‡a0791086224 (hard cover) | |
| 043 | . | ‡an-us-nj ‡an-us--- | |
| 082 | 0 | 0. | ‡a973.3/34/092 ‡aB ‡222 |
| 100 | 1 | . | ‡aKoestler-Grack, Rachel A., ‡d1973- ‡0(LARL_NWRL_CONSORTIUM)44919 |
| 245 | 1 | 0. | ‡aMolly Pitcher : ‡bheroine of the War for Independence / ‡cRachel A. Koestler-Grack. |
| 260 | . | ‡aPhiladelphia : ‡bChelsea House, ‡c2006. | |
| 300 | . | ‡a120 p. : ‡bill. (some col.) ; ‡c25 cm. | |
| 490 | 0 | . | ‡aLeaders of the American Revolution |
| 504 | . | ‡aIncludes bibliographical references and index. | |
| 505 | 0 | . | ‡aMolly, the pitcher! -- Working girl -- Trouble rises -- A Revolution begins -- Camp followers -- Other battlefield heroines -- Sergeant Molly. |
| 600 | 1 | 0. | ‡aPitcher, Molly, ‡d1754-1832 ‡vJuvenile literature. |
| 650 | 0. | ‡aMonmouth, Battle of, Freehold, N.J., 1778 ‡vJuvenile literature. | |
| 650 | 0. | ‡aWomen revolutionaries ‡zUnited States ‡vBiography ‡vJuvenile literature. | |
| 650 | 0. | ‡aRevolutionaries ‡zUnited States ‡vBiography ‡vJuvenile literature. ‡0(LARL_NWRL_CONSORTIUM)167132 | |
| 651 | 0. | ‡aUnited States ‡xHistory ‡yRevolution, 1775-1783 ‡vBiography ‡vJuvenile literature. ‡0(LARL_NWRL_CONSORTIUM)33370 | |
| 901 | . | ‡a64472 ‡bISxN ‡c64472 ‡tbiblio | |

Add to basket
Permalink
Disable Highlighting